Leibniz et Spinoza
Uloženo v:
| Hlavní autor: | |
|---|---|
| Médium: | Kniha |
| Jazyk: | francouzština |
| Vydáno: |
París
Gallimard
1946
|
| Edice: | Bibliothéque des Idées
|
| Témata: | |
| Tagy: |
Přidat tag
Žádné tagy, Buďte první, kdo vytvoří štítek k tomuto záznamu!
|
MARC
| LEADER | 00000nam a2200000 a 4500 | ||
|---|---|---|---|
| 001 | UCZ3752 | ||
| 003 | CL-VaPUC | ||
| 008 | 951027e19460000FR |||||||||||||||||fre|d | ||
| 082 | 0 | 4 | |a 141 |b FRI |2 21 |
| 100 | 0 | |a Friedmann, Georges |e author |9 347597 | |
| 245 | 1 | 0 | |a Leibniz et Spinoza |
| 300 | |a 321 p | ||
| 942 | |c BK | ||
| 945 | |d 19951027 00:00:00 |a cmena | ||
| 260 | |a París |b Gallimard |c 1946 | ||
| 650 | 0 | |a Idealismo |9 265685 | |
| 650 | 0 | |a Filosofía alemana |9 265002 | |
| 650 | 0 | |a Racionalismo |9 259116 | |
| 650 | 0 | |a Metafísica |9 265649 | |
| 650 | 0 | |a Antropología |9 233030 | |
| 650 | 0 | |a Filosofía judía |9 265155 | |
| 583 | |a last modification |c 19951027 00:00:00 |k Rodrigo Vera | ||
| 490 | 0 | |a Bibliothéque des Idées | |
| 999 | |c 240200 |d 240198 | ||
| 952 | |0 0 |1 0 |4 0 |6 141_000000000000000_FRI_1946 |7 0 |8 P |9 251920 |a BIBEDU |b BIBEDU |c BIBEDU_PB |d 2019-11-18 |i 1588532 |o 141 FRI 1946 |p 1588532 |r 2024-01-25 |w 2019-11-18 |y BK |k FIL | ||